Sports Quiz

Random Sports or NFL Quiz
Score 0/25 Timer 06:00
0 Plays Today
Team Player % Correct
ATLJulio Jones
100%
GBJordy Nelson
100%
NYGOdell Beckham Jr.
99%
PITAntonio Brown
99%
NEJulian Edelman
99%
INDT.Y. Hilton
98%
TBMike Evans
98%
NOMichael Thomas
98%
DENDemaryius Thomas
98%
OAKAmari Cooper
96%
SEADoug Baldwin
95%
ARILarry Fitzgerald
94%
OAKMichael Crabtree
93%
Team Player % Correct
MIAJarvis Landry
92%
KCTravis Kelce
92%
DETGolden Tate
92%
DENEmmanuel Sanders
91%
CARGreg Olsen
90%
WASPierre Garcon
88%
NOBrandin Cooks
86%
WASDeSean Jackson
85%
CLETerrelle Pyror
73%
SDTyrell Williams
72%
LAKenny Britt
72%
BALMike Wallace
68%

You're not logged in!

Compare scores with friends on all Sporcle quizzes.
OR
Log In

Sporcle TV

Today on Sporcle TV


Watch our educational content, quiz creation guides, and fun videos on Sporcle TV.

Show Comments

Extras

Top Quizzes Today


Score Distribution

Paid Content

Your Account Isn't Verified!

In order to create a playlist on Sporcle, you need to verify the email address you used during registration. Go to your Sporcle Settings to finish the process.

Report this User

Report this user for behavior that violates our Community Guidelines.

Details: